| 000 | 00364nam a22001217a 4500 | ||
|---|---|---|---|
| 082 |
_a388.0973 _bPAG _cN-02,P-99 |
||
| 100 |
_aPagano, Paolo _951496 |
||
| 245 |
_aIntelligent Transportation systems _bFrom Good Practices to Standard |
||
| 260 |
_aLondon, _bCRC Press, _cc2017. |
||
| 300 | _avii,195p. | ||
| 526 |
_a0 _b0 _c0 _d388_097300000000000_PAG |
||
| 942 |
_2ddc _cBK |
||
| 999 |
_c554178 _d554178 |
||